000 00247nam a2200109Ia 4500
008 240625s9999 xx 000 0 und d
041 _aeng
082 _a519.5 KEL
100 _aKELLAR GERALD
245 _aSTATISTICS FOR MANAGEMENT
260 _c2011
999 _c35055
_d35055